| 000 | 00508cam a2200205ua 4500 | ||
|---|---|---|---|
| 001 | 10200 | ||
| 008 | 171011n ii |||gr||||Z||||||asm | ||
| 020 | _a9789381784020 | ||
| 040 | _cMAIN | ||
| 041 | _aasm | ||
| 082 | _a341 | ||
| 100 |
_aGohain, Nabin, _eAuthor. |
||
| 245 |
_aInternational law (A) _cBy Nabin Gohain and Deepen Das |
||
| 250 | _a4th rev. ed. | ||
| 260 |
_aJorhat: _bBidya bhawan, _c2017. |
||
| 300 | _a232p. | ||
| 653 | _aLaw of nations | ||
| 700 |
_aDas, Deepen, _eAuthor. |
||
| 942 | _cBK | ||
| 999 |
_c9197 _d9197 |
||